Central Library OPAC University of Rajshahi

The crisis in psychiatry and religion / (Record no. 41864)

MARC details
000 -LEADER
fixed length control field 00927cam a2200313 a 4500
001 - CONTROL NUMBER
control field 41864
003 - CONTROL NUMBER IDENTIFIER
rucl marc code BD-RjUL
005 - DATE AND TIME OF LATEST TRANSACTION
control field 20211209053449.0
008 - FIXED-LENGTH DATA ELEMENTS--GENERAL INFORMATION
fixed length control field 160607s1961 njua b 000 0 eng
035 ## - SYSTEM CONTROL NUMBER
System control number MITb10907288
System control number (BD-RjUL)41982
040 ## - CATALOGING SOURCE
Original cataloging agency DLC
Transcribing agency DLC
Modifying agency BD-RjU
-- MYG
Language of cataloging eng
041 ## - LANGUAGE CODE
Language code of text/sound track or separate title eng
082 ## - DEWEY DECIMAL CLASSIFICATION NUMBER
Classification number 131.322
Edition number 19
Author mark and year MOC 1961
090 ## - LOCALLY ASSIGNED LC-TYPE CALL NUMBER (OCLC); LOCAL CALL NUMBER (OCLC)
Classification number (OCLC) (R) ; Classification number, CALL (RLIN) (NR) BF51
Local cutter number (OCLC) ; Book number/undivided call number, CALL (RLIN) .M65x 1961
100 1# - MAIN ENTRY--PERSONAL NAME
Personal name Mowrer, Orval Hobart,
Dates associated with a name 1907-1982.
9 (RLIN) 128607
245 14 - TITLE STATEMENT
Title The crisis in psychiatry and religion /
Statement of responsibility, etc. Orval Hobart Mowrer
260 ## - PUBLICATION, DISTRIBUTION, ETC. (IMPRINT)
Place of publication, distribution, etc. Princeton, N.J. :
Name of publisher, distributor, etc. Van Nostrand,
Date of publication, distribution, etc. 1961
300 ## - PHYSICAL DESCRIPTION
Pagination vii, 264 p. :
Illustrations illus. ;
Size 18 cm.
490 1# - SERIES STATEMENT
Series statement An Insight book,
Volume/sequential designation 1
504 ## - BIBLIOGRAPHY, ETC. NOTE
Bibliography, etc Bibliography: p. [242]-253.
650 #0 - SUBJECT ADDED ENTRY--TOPICAL TERM
Topical term or geographic name as entry element Psychiatry and religion.
9 (RLIN) 128608
Topical term or geographic name as entry element Counseling.
9 (RLIN) 116611
830 #0 - SERIES ADDED ENTRY--UNIFORM TITLE
Uniform title Insight book ;
Volume number/sequential designation no. 1.
942 ## - ADDED ENTRY ELEMENTS (KOHA)
Source of classification or shelving scheme Dewey Decimal Classification
Koha item type Books
946 ## - LOCAL PROCESSING INFORMATION (OCLC)
a t
949 ## - LOCAL PROCESSING INFORMATION (OCLC)
a c
p 39080021869661
Holdings
Lost status Source of classification or shelving scheme Damaged status Not for loan Collection code Permanent Location Current Location Shelving location Date acquired Source of acquisition Cost, normal purchase price Total Checkouts Full call number Date last seen Copy number Koha item type
  Dewey Decimal Classification     Non-fiction Central Library, University of Rajshahi Central Library, University of Rajshahi   23/09/2065 Zethinger 19.60   131.322 MOC 1961 07/06/2016 C-2 Books